[Event "AUT-ch U16 Girls"]
[Site "Velden"]
[Date "2010.04.01"]
[Round "7.4"]
[White "Steiner, Lucia"]
[Black "Trippold, Denise"]
[Result "1-0"]
[WhiteElo "1540"]
[BlackElo "1636"]
[PlyCount "91"]
[EventDate "2010.03.28"]
[EventType "swiss"]
[EventRounds "7"]
[EventCountry "AUT"]
[SourceTitle "EXT 2024"]
[Source "ChessBase"]
[SourceDate "2023.10.10"]
[SourceVersion "1"]
[SourceVersionDate "2023.10.10"]
[SourceQuality "1"]

1. e4 c5 2. Nf3 e6 3. d4 cxd4 4. Nxd4 Nf6 5. Nc3 d6 6. Bc4 Be7 7. Bg5 0-0 8. 0-0 a6 9. Re1 Qc7 10. Bb3 Nc6 11. Qd3 Bd7 12. Rad1 Rad8 13. Qg3 Rfe8 14. Kh1 Nxd4 15. Rxd4 Bc6 16. Rdd1 b5 17. a3 Bb7 18. f4 Nd7 19. Bxe7 Rxe7 20. f5 e5 21. Rf1 Nf6 22. Rde1 Qc5 23. Qd3 Red7 24. Qe3 Qc7 25. Qg3 Bc6 26. Qe3 Re7 27. Rd1 Red7 28. Rde1 Qb7 29. Ba2 Rc8 30. Bb3 a5 31. Rf2 Ng4 32. Qe2 Nxf2+ 33. Qxf2 b4 34. axb4 axb4 35. Nd5 Bxd5 36. Bxd5 Qc7 37. Bb3 Rb8 38. Qg3 g6 39. fxg6 hxg6 40. Rf1 Kg7 41. Qf3 Rf8 42. Qf6+ Kh7 43. Rf3 d5 44. Bxd5 Qxc2 45. Rh3+ Kg8 46. Qh8# 1-0

[Event "AUT-ch U16 Girls"]
[Site "Velden"]
[Date "2010.03.30"]
[Round "5.6"]
[White "Steiner, Lucia"]
[Black "Trenkwalder, Verena"]
[Result "1-0"]
[WhiteElo "1540"]
[BlackElo "1516"]
[PlyCount "148"]
[EventDate "2010.03.28"]
[EventType "swiss"]
[EventRounds "7"]
[EventCountry "AUT"]
[SourceTitle "EXT 2024"]
[Source "ChessBase"]
[SourceDate "2023.10.10"]
[SourceVersion "1"]
[SourceVersionDate "2023.10.10"]
[SourceQuality "1"]

1. e4 c5 2. Nf3 d6 3. d4 cxd4 4. Nxd4 Nf6 5. Nc3 g6 6. Be3 Bg7 7. Bc4 0-0 8. 0-0 Nc6 9. f3 Bd7 10. Qd2 Rc8 11. Nb3 Re8 12. Bh6 Bh8 13. Kh1 Ne5 14. Be2 Bc6 15. Bg5 Ned7 16. Nd4 Qb6 17. Nb3 Bg7 18. Be3 Qc7 19. Rad1 Red8 20. Bh6 Bh8 21. Qe1 Ne5 22. Qg3 e6 23. Bg5 d5 24. exd5 exd5 25. f4 Nc4 26. Bxc4 dxc4 27. Nd2 b5 28. Qf2 Bd7 29. Bxf6 Bxf6 30. Nd5 Qc6 31. Nxf6+ Qxf6 32. c3 a6 33. Ne4 Qe7 34. Ng3 Qc5 35. Qxc5 Rxc5 36. Rd4 Kf8 37. Ne4 Rc7 38. Rfd1 Ke7 39. Ng5 h6 40. Re1+ Kf8 41. Nf3 Re8 42. Rxe8+ Bxe8 43. Rd6 Rc6 44. Rd1 Ke7 45. Kg1 Rd6 46. Re1+ Re6 47. Rd1 Rd6 48. Nd4 Bd7 49. Kf2 Rf6 50. g3 g5 51. Ne2 Bg4 52. Re1 Kf8 53. Ke3 Re6+ 54. Kf2 Rf6 55. Ke3 Re6+ 56. Kd2 Rxe2+ 57. Rxe2 Bxe2 58. Kxe2 Ke7 59. Ke3 Ke6 60. fxg5 hxg5 61. Ke4 f5+ 62. Kd4 g4 63. Kc5 Ke5 64. Kb6 Ke4 65. Kxa6 Kf3 66. Kxb5 f4 67. gxf4 Kg2 68. f5 Kxh2 69. f6 g3 70. f7 g2 71. f8Q g1Q 72. Qh6+ Kg3 73. Qg6+ Kf2 74. Qxg1+ Kxg1 1-0

[Event "AUT-ch U16 Girls"]
[Site "Velden"]
[Date "2010.03.29"]
[Round "3.4"]
[White "Gerhold, Doris"]
[Black "Steiner, Lucia"]
[Result "1-0"]
[WhiteElo "1540"]
[BlackElo "1540"]
[PlyCount "99"]
[EventDate "2010.03.28"]
[EventType "swiss"]
[EventRounds "7"]
[EventCountry "AUT"]
[SourceTitle "EXT 2024"]
[Source "ChessBase"]
[SourceDate "2023.10.10"]
[SourceVersion "1"]
[SourceVersionDate "2023.10.10"]
[SourceQuality "1"]

1. e4 e5 2. Nf3 Nc6 3. d4 exd4 4. Bc4 Bc5 5. c3 dxc3 6. Bxf7+ Kxf7 7. Qd5+ Ke8 8. Qxc5 Qe7 9. Qc4 d6 10. Nxc3 Be6 11. Qd3 Nf6 12. 0-0 Rf8 13. Re1 Kf7 14. Nd5 Bxd5 15. exd5 Ne5 16. Nxe5+ dxe5 17. Bf4 Qb4 18. Bxe5 Rfe8 19. a3 Qc5 20. Bxf6 Kxf6 21. b4 Qd6 22. Qf3+ Kg6 23. Re6+ Rxe6 24. dxe6 Qxe6 25. Qxb7 Re8 26. h3 Qb6 27. Qf3 h6 28. Rc1 Re6 29. Qg3+ Kh7 30. Rxc7 Rg6 31. Qc3 Rf6 32. Qc5 Qxc5 33. Rxc5 Ra6 34. Ra5 Rxa5 35. bxa5 Kg6 36. g4 Kg5 37. f3 Kf4 38. Kf2 Ke5 39. Ke3 a6 40. f4+ Kd5 41. h4 g6 42. Kd3 Ke6 43. Kd4 Kd6 44. Ke4 Ke6 45. f5+ gxf5+ 46. gxf5+ Kf6 47. h5 Kf7 48. Ke5 Ke7 49. Kd5 Kf6 50. Kc6 1-0

[Event "AUT-ch U16 Girls"]
[Site "Velden"]
[Date "2010.03.28"]
[Round "1.3"]
[White "Hapala, Elisabeth"]
[Black "Steiner, Lucia"]
[Result "1-0"]
[WhiteElo "1673"]
[BlackElo "1540"]
[PlyCount "117"]
[EventDate "2010.03.28"]
[EventType "swiss"]
[EventRounds "7"]
[EventCountry "AUT"]
[SourceTitle "EXT 2024"]
[Source "ChessBase"]
[SourceDate "2023.10.10"]
[SourceVersion "1"]
[SourceVersionDate "2023.10.10"]
[SourceQuality "1"]

1. e4 e5 2. Nf3 Nc6 3. Bb5 d6 4. d4 exd4 5. Nxd4 Bd7 6. Nc3 Nf6 7. Bxc6 Bxc6 8. Qd3 Be7 9. 0-0 0-0 10. Nxc6 bxc6 11. Rd1 Qc8 12. Qc4 Qb7 13. Rb1 Rad8 14. Qe2 Rfe8 15. Qf3 Nd7 16. Qg3 Ne5 17. f4 Ng6 18. f5 Ne5 19. Bh6 Bf6 20. Bxg7 Bxg7 21. f6 Ng6 22. fxg7 Kxg7 23. h4 Kh8 24. h5 Ne5 25. Qh4 Nd7 26. Rf1 f6 27. h6 Qb6+ 28. Kh1 Qd4 29. Rf5 Rf8 30. Rd1 Qe3 31. Re1 Qd4 32. Rd1 Qe3 33. Rf3 Qg5 34. Qxg5 fxg5 35. Rdf1 Rxf3 36. Rxf3 Rf8 37. Ne2 Rxf3 38. gxf3 Kg8 39. Nd4 Ne5 40. Kg2 Kf7 41. Kg3 Kg6 42. Nf5 Nf7 43. Ne7+ Kxh6 44. Nxc6 a6 45. Nb4 a5 46. Nc6 a4 47. b3 axb3 48. cxb3 Nh8 49. a4 Ng6 50. a5 Nf8 51. Nb8 Ne6 52. a6 c5 53. Nd7 Nc7 54. a7 Kg6 55. Nb6 Kf6 56. a8Q Nxa8 57. Nxa8 Ke5 58. Nc7 h5 59. Nd5 1-0

[Event "AUT-ch U14 Girls"]
[Site "Vienna"]
[Date "2008.05.11"]
[Round "3"]
[White "Steiner, Lucia"]
[Black "Huber, Elke Carola"]
[Result "0-1"]
[WhiteElo "1225"]
[BlackElo "1412"]
[PlyCount "88"]
[EventDate "2008.05.10"]
[EventType "swiss"]
[EventRounds "7"]
[EventCountry "AUT"]
[SourceTitle "EXT 2009"]
[Source "ChessBase"]
[SourceDate "2008.11.26"]
[SourceVersion "1"]
[SourceVersionDate "2008.11.26"]
[SourceQuality "1"]

1. e4 c6 2. Nf3 d5 3. exd5 cxd5 4. d4 Bg4 5. Be2 Nc6 6. Nc3 e6 7. Bf4 Bb4 8. 0-0 a6 9. Ne5 Bxe2 10. Qxe2 Nxd4 11. Qd3 Nc6 12. Rfe1 Nge7 13. a3 Bxc3 14. Qxc3 0-0 15. Qg3 Nxe5 16. Bxe5 Ng6 17. Bc3 Qh4 18. Qxh4 Nxh4 19. Rad1 Rfd8 20. Rd4 Ng6 21. Rg4 Rac8 22. h4 h5 23. Rg5 d4 24. Ba5 Rd5 25. Rxd5 exd5 26. c3 dxc3 27. Bxc3 Nxh4 28. Re5 Rd8 29. Rxh5 Ng6 30. Bd4 Nf4 31. Re5 Ne6 32. Bc3 d4 33. Bd2 Rc8 34. Rd5 Rc2 35. Bb4 Rxb2 36. Rd7 Nf4 37. Bc5 Rb1+ 38. Kh2 Ne6 39. Rd6 Nxc5 40. Rxd4 Rb3 41. a4 Ra3 42. Rb4 Nxa4 43. Kg1 Ra2 44. g3 b5 0-1

[Event "AUT-ch U14 Girls"]
[Site "St Georgen"]
[Date "2007.??.??"]
[Round "6"]
[White "Steiner, Lucia"]
[Black "Krassnitzer, Maria"]
[Result "1/2-1/2"]
[WhiteElo "1473"]
[BlackElo "1267"]
[PlyCount "44"]
[EventDate "2007.05.??"]
[EventType "swiss"]
[EventRounds "7"]
[EventCountry "AUT"]
[SourceTitle "EXT 2008"]
[Source "ChessBase"]
[SourceDate "2007.11.25"]
[SourceVersion "1"]
[SourceVersionDate "2007.11.25"]
[SourceQuality "1"]

1. e4 e5 2. Nf3 Nc6 3. Bb5 a6 4. Bxc6 dxc6 5. 0-0 f6 6. h3 Bd6 7. Nc3 Be6 8. d3 c5 9. Re1 Qd7 10. Be3 b6 11. Ne2 0-0-0 12. c3 Kb7 13. d4 c4 14. dxe5 fxe5 15. Ng5 Nf6 16. Nxe6 Qxe6 17. Qc2 h6 18. Rad1 Rd7 19. Ng3 Rhd8 20. Nf5 Bf8 21. Rxd7 Rxd7 22. b3 Rd3 1/2-1/2

[Event "AUT-ch U14 Girls"]
[Site "St Georgen"]
[Date "2007.??.??"]
[Round "4"]
[White "Windhager, Vanessa"]
[Black "Steiner, Lucia"]
[Result "0-1"]
[WhiteElo "1200"]
[BlackElo "1473"]
[PlyCount "94"]
[EventDate "2007.05.??"]
[EventType "swiss"]
[EventRounds "7"]
[EventCountry "AUT"]
[SourceTitle "EXT 2008"]
[Source "ChessBase"]
[SourceDate "2007.11.25"]
[SourceVersion "1"]
[SourceVersionDate "2007.11.25"]
[SourceQuality "1"]

1. e4 e5 2. Nf3 Nc6 3. Bc4 Bc5 4. d3 h6 5. Nc3 Nf6 6. Nd5 Nxd5 7. Bxd5 Ne7 8. Nxe5 Nxd5 9. exd5 d6 10. Nf3 0-0 11. 0-0 Bg4 12. d4 Bb6 13. h3 Bh5 14. Qd3 Qf6 15. c3 Bxf3 16. Qxf3 Qxf3 17. gxf3 Rfe8 18. Kh1 c6 19. dxc6 bxc6 20. Rg1 Kh7 21. Bf4 Bc7 22. Rg4 Re2 23. Rag1 g6 24. Rh4 h5 25. Be3 Rxb2 26. Ra1 d5 27. a4 Rab8 28. Rc1 Rb1 29. Rxb1 Rxb1+ 30. Kg2 Ra1 31. Bg5 Rxa4 32. f4 Rc4 33. f5 a5 34. fxg6+ Kxg6 35. Bd2 a4 36. f4 a3 37. f5+ Kxf5 38. Rxh5+ Ke4 39. Rh8 Ra4 40. Re8+ Kd3 41. Kf2 a2 42. Re1 Kxd2 43. Ra1 Kc2 44. h4 Bf4 45. Kf3 Bh6 46. Kg4 Kb2 47. Rxa2+ Rxa2 0-1

[Event "AUT-ch U12"]
[Site "Deutschlandsberg"]
[Date "2006.??.??"]
[Round "6"]
[White "Steiner, Lucia"]
[Black "Kammerer, Gernot"]
[Result "0-1"]
[WhiteElo "1403"]
[BlackElo "1626"]
[PlyCount "106"]
[EventDate "2006.06.??"]
[EventType "swiss"]
[EventRounds "7"]
[EventCountry "AUT"]
[SourceTitle "EXT 2009"]
[Source "ChessBase"]
[SourceDate "2008.11.26"]
[SourceVersion "1"]
[SourceVersionDate "2008.11.26"]
[SourceQuality "1"]

1. e4 c5 2. Nf3 d6 3. Bb5+ Bd7 4. Bxd7+ Qxd7 5. Nc3 Nc6 6. 0-0 g6 7. d3 Bg7 8. Be3 e6 9. Re1 Nge7 10. Qd2 Nd4 11. Qd1 Nec6 12. Nd2 0-0 13. Nb3 b5 14. Rb1 Rab8 15. Ne2 Nxe2+ 16. Rxe2 c4 17. Nd2 cxd3 18. cxd3 Nd4 19. Re1 Rfc8 20. Rc1 Rxc1 21. Qxc1 Rc8 22. Qd1 Nc2 23. Re2 Nxe3 24. Rxe3 Bxb2 25. Nb3 Qc7 26. Re1 Qc2 27. Qxc2 Rxc2 28. h3 a5 29. Nxa5 Bc3 30. Rb1 Bxa5 31. Rxb5 Rxa2 32. Kf1 Bc3 33. f3 Bd4 34. Rb8+ Kg7 35. Rd8 Rf2+ 36. Kg1 Rxf3+ 37. Kh1 Rxd3 38. Rb8 Be5 39. Rb1 Re3 40. Rd1 Bg3 41. Kg1 Re1+ 42. Rxe1 Bxe1 43. Kf1 Kf6 44. Kxe1 Ke5 45. Ke2 Kxe4 46. Kf2 d5 47. Ke2 d4 48. Kd2 d3 49. h4 h5 50. g3 e5 51. Kd1 Ke3 52. Ke1 d2+ 53. Kd1 f5 0-1

[Event "AUT-ch U12"]
[Site "Deutschlandsberg"]
[Date "2006.??.??"]
[Round "2"]
[White "Steiner, Lucia"]
[Black "Liao, Kevin"]
[Result "0-1"]
[WhiteElo "1403"]
[BlackElo "1525"]
[PlyCount "86"]
[EventDate "2006.06.??"]
[EventType "swiss"]
[EventRounds "7"]
[EventCountry "AUT"]
[SourceTitle "EXT 2009"]
[Source "ChessBase"]
[SourceDate "2008.11.26"]
[SourceVersion "1"]
[SourceVersionDate "2008.11.26"]
[SourceQuality "1"]

1. e4 e5 2. Nf3 Nc6 3. Bc4 Bc5 4. 0-0 Nf6 5. Re1 0-0 6. c3 d6 7. h3 Be6 8. Bb3 Na5 9. Bc2 Bb6 10. d4 exd4 11. cxd4 d5 12. exd5 Bxd5 13. Be3 Nc6 14. Nbd2 Qd6 15. Bb3 Ba5 16. Rf1 Bxd2 17. Bxd5 Bxe3 18. Bxc6 Bxf2+ 19. Rxf2 Qxc6 20. Ne5 Qe6 21. a3 Rad8 22. Rc1 c6 23. Re2 Qd5 24. Nf3 Rfe8 25. Rxe8+ Rxe8 26. Rc5 Qd6 27. Re5 Rxe5 28. Nxe5 c5 29. Nf3 Nd7 30. Qd2 cxd4 31. Qxd4 Qxd4+ 32. Nxd4 Nb6 33. Kf2 Nc4 34. Nb5 a6 35. Nc3 Nxb2 36. Ke3 Nc4+ 37. Kd4 Nxa3 38. Ne4 Nb5+ 39. Kc4 Kf8 40. Nc5 Nd6+ 41. Kd5 Ke7 42. Ke5 a5 43. Kd5 b6 0-1